000 00512nam a2200181Ia 4500
005 20250508162639.0
008 008 250505s9999 xx 000 0 eng d
037 _aTextual
040 _aFEDL
_beng
_cFEDL
041 _aeng
_2eng
084 _a509.54, SEA
_qFEDL
100 _aSeal Brajendranath
245 0 _aPositive sciences of the ancient Hindus
260 _aDelhi, India
_bMotilal Banarsidass
_c1985
300 _aviii,313p
942 _cTEXL
_h509.54, SEA
999 _c1377826
_d1377826